=LDR 00000nam 2200000 4500 =001 NUTBA000000000004633 =005 20140918100944.0 =006 =007 =008 =020 ##$$a 978-979-053-135-2 =035 ##$$a 0010-091400000000666 =040 ##$$a NBPDMAT =082 ##$$a 616.24 =084 ##$$a 616.24 Fri p =100 ##$$a Frida N =245 ##$$a penyakit paru-paru dan pernapasan / $c Frida N =250 ##$$a Cet. 1 =260 ##$$a Jakarta : $b Pamularsih, $c 2010 =300 ##$$a iv, 60 hlm. : $b ilus. ; $c 21 cm. =500 ##$$a Bibliografi : hlm.60 =650 ##$$a paru-paru - penyakit =990 ##$$a 21408332 =990 ##$$a 0001/BPAP-NTB/20142014 =990 ##$$a 0001/BPAP-NTB/20142014 =990 ##$$a 0001/BPAP-NTB/20142014 =990 ##$$a 0001/BPAP-NTB/20142014 =990 ##$$a 0001/BPAP-NTB/20142014